[Event "Titled Tue 26th Aug Early"]
[Site "chess.com INT"]
[Date "2025.08.26"]
[Round "5"]
[White "Oleksiyenko, Mykhaylo"]
[Black "Dubnevych, Maksym"]
[Result "0-1"]
[WhiteTitle "GM"]
[BlackTitle "FM"]
[WhiteElo "2569"]
[BlackElo "2296"]
[WhiteFideId "4152417"]
[BlackFideId "14184001"]
[EventDate "2025.08.26"]

1. d4 d5 2. c4 e6 3. Nc3 Nf6 4. cxd5 exd5 5. Bg5 Be7 6. e3 O-O 7. Bd3 h6 8. Bh4
Re8 9. Nf3 c6 10. O-O Ne4 11. Bxe7 Qxe7 12. Qc2 Nd7 13. Rab1 a5 14. Bxe4 dxe4
15. Nd2 Nf6 16. a3 h5 17. b4 axb4 18. axb4 h4 19. h3 Bd7 20. b5 cxb5 21. Nxb5
Rec8 22. Qb3 Be6 23. Qb4 Qxb4 24. Rxb4 Ra2 25. Nb1 Nd5 26. Rb3 Nf4 27. Nd6 Rc6
28. exf4 Bxb3 29. Nxb7 Rcc2 30. Nd6 Bd5 31. Nf5 Bc4 0-1

[Event "Titled Tue 26th Aug Early"]
[Site "chess.com INT"]
[Date "2025.08.26"]
[Round "5"]
[White "Tifferet, Shakked"]
[Black "Zozek Salah Mohammed"]
[Result "1-0"]
[WhiteTitle "FM"]
[BlackTitle "FM"]
[WhiteElo "2322"]
[BlackElo "2205"]
[WhiteFideId "2811529"]
[BlackFideId "4803361"]
[EventDate "2025.08.26"]

1. d4 d5 2. Nc3 Nf6 3. Bf4 e6 4. e3 Bd6 5. Nf3 O-O 6. Ne5 c5 7. dxc5 Bxe5 8.
Bxe5 Nbd7 9. Bd6 Re8 10. Bb5 Qa5 11. O-O a6 12. Ba4 Qb4 13. Qd4 Qa5 14. b4 Qd8
15. f4 a5 16. b5 Nb6 17. Bb3 h6 18. a4 Nbd7 19. Rad1 Nf8 20. e4 dxe4 21. Nxe4
Nxe4 22. Qxe4 Qf6 23. Be5 Qh4 24. c4 Ng6 25. Bc2 f5 26. Qe3 Qe7 27. Bd6 Qf6 28.
Rfe1 Qb2 29. Bxf5 1-0

[Event "Titled Tue 26th Aug Early"]
[Site "chess.com INT"]
[Date "2025.08.26"]
[Round "5"]
[White "Ljukin, Sergei"]
[Black "Terkiewicz, Bruno"]
[Result "0-1"]
[WhiteTitle "FM"]
[BlackTitle "CM"]
[WhiteElo "2362"]
[BlackElo "2128"]
[WhiteFideId "14102200"]
[BlackFideId "21093245"]
[EventDate "2025.08.26"]

1. e4 e5 2. Nf3 Nc6 3. Bb5 a6 4. Ba4 Nf6 5. Qe2 b5 6. Bb3 Bc5 7. c3 O-O 8. d3 d6
9. Bg5 h6 10. Bh4 Re8 11. Nbd2 Bb7 12. Nf1 g5 13. Nxg5 hxg5 14. Bxg5 Nb8 15. Qf3
Nbd7 16. Ng3 d5 17. exd5 Be7 18. Nf5 Bf8 19. O-O-O Nc5 20. Qg3 Nxb3+ 21. axb3
Kh7 22. Qh4+ Kg6 23. Ng3 Bxd5 24. Qh5+ Nxh5 0-1

[Event "Titled Tue 26th Aug Early"]
[Site "chess.com INT"]
[Date "2025.08.26"]
[Round "5"]
[White "Bortnyk, Olexandr"]
[Black "Erigaisi, Arjun"]
[Result "0-1"]
[WhiteTitle "GM"]
[BlackTitle "GM"]
[WhiteElo "2601"]
[BlackElo "2776"]
[WhiteFideId "14120828"]
[BlackFideId "35009192"]
[EventDate "2025.08.26"]

1. e4 c5 2. c3 e6 3. d4 d5 4. exd5 Qxd5 5. Be3 Nf6 6. Nf3 cxd4 7. cxd4 Bb4+ 8.
Nc3 Qa5 9. Qb3 O-O 10. Bd3 b6 11. O-O Bb7 12. Ne5 Nc6 13. Nc4 Qh5 14. Be2 Qg6
15. g3 Rfd8 16. Rfd1 Rac8 17. Rac1 Bxc3 18. bxc3 Nd5 19. Bd3 Qh5 20. Bd2 Qf3 21.
Bf1 Nxd4 22. cxd4 Nc3 23. d5 Bxd5 24. Bxc3 Qh1# 0-1

[Event "Titled Tue 26th Aug Early"]
[Site "chess.com INT"]
[Date "2025.08.26"]
[Round "5"]
[White "Baches Garcia, Guillermo"]
[Black "Ejsymont, Blanka"]
[Result "1-0"]
[WhiteTitle "IM"]
[BlackTitle "WCM"]
[WhiteElo "2305"]
[BlackElo "2071"]
[WhiteFideId "2209764"]
[BlackFideId "21088268"]
[EventDate "2025.08.26"]

1. Nf3 d5 2. d4 Nf6 3. c4 e6 4. g3 c6 5. Qc2 Bb4+ 6. Bd2 Bxd2+ 7. Nbxd2 O-O 8.
Bg2 Nbd7 9. O-O Qe7 10. e4 dxe4 11. Nxe4 Nxe4 12. Qxe4 Nf6 13. Qe3 Rd8 14. Rfd1
Bd7 15. Rd3 Rac8 16. Rad1 Be8 17. Ne5 Nd7 18. f4 Nxe5 19. dxe5 b6 20. h4 h5 21.
Kh2 g6 22. b3 c5 23. Rd6 Rd7 24. R1d3 Rcd8 25. Qd2 Rxd6 26. exd6 Qf6 27. d7 Bxd7
28. Rxd7 Rxd7 29. Qxd7 Qb2 30. Qxa7 Kg7 31. Qxb6 Qxa2 32. Qxc5 Qxb3 33. Qe5+ Kg8
34. c5 Qc2 35. c6 Kf8 36. Qb8+ Ke7 37. c7 1-0

[Event "Titled Tue 26th Aug Early"]
[Site "chess.com INT"]
[Date "2025.08.26"]
[Round "5"]
[White "Ganiev, Artur"]
[Black "Tureshbayev, Anuar"]
[Result "1-0"]
[BlackTitle "CM"]
[WhiteElo "2247"]
[BlackElo "2214"]
[WhiteFideId "34391550"]
[BlackFideId "651081709"]
[EventDate "2025.08.26"]

1. e4 c5 2. d4 cxd4 3. Qxd4 Nc6 4. Qd3 g6 5. Nc3 Bg7 6. Nf3 d6 7. Be2 Nf6 8. O-O
O-O 9. Nd5 Nxd5 10. exd5 Bf5 11. Qd1 Nb4 12. c3 Nc2 13. g4 Nxa1 14. gxf5 gxf5
15. Bg5 Kh8 16. Qxa1 Rg8 17. Kh1 Rc8 18. Qc1 Rc5 19. Qd2 Qc7 20. Be3 Ra5 21. a3
Ra4 22. Ng5 Rf8 23. Rg1 Qa5 24. b4 Qc7 25. Bd4 Be5 26. f4 Bf6 27. Bb5 Rxa3 28.
Qg2 e5 29. dxe6 fxe6 30. Nxe6 1-0

[Event "Titled Tue 26th Aug Early"]
[Site "chess.com INT"]
[Date "2025.08.26"]
[Round "5"]
[White "Gant, Chris J"]
[Black "Chelly, Yahya"]
[Result "0-1"]
[WhiteTitle "FM"]
[BlackTitle "CM"]
[WhiteElo "2056"]
[BlackElo "1949"]
[WhiteFideId "403946"]
[BlackFideId "5516200"]
[EventDate "2025.08.26"]

1. d4 d5 2. Nf3 Nf6 3. c4 e6 4. g3 Be7 5. Bg2 c6 6. O-O O-O 7. Qc2 a5 8. Nbd2 b5
9. b3 bxc4 10. bxc4 Ba6 11. Ne5 Nfd7 12. e4 Nxe5 13. dxe5 d4 14. f4 Nd7 15. Nf3
Bc5 16. Kh1 Qc7 17. Bb2 Nb6 18. Bxd4 Bxd4 19. Nxd4 Nxc4 20. Rfe1 c5 21. Nf3 Rab8
22. f5 Nxe5 23. Nxe5 Qxe5 24. Rad1 c4 25. g4 Rb2 26. Qc3 Qxc3 0-1

[Event "Titled Tue 26th Aug Early"]
[Site "chess.com INT"]
[Date "2025.08.26"]
[Round "5"]
[White "Fiskaaen, Martin Holten"]
[Black "Grot, Blazej"]
[Result "0-1"]
[WhiteTitle "FM"]
[BlackTitle "CM"]
[WhiteElo "2341"]
[BlackElo "2207"]
[WhiteFideId "1550233"]
[BlackFideId "21835845"]
[EventDate "2025.08.26"]

1. Nf3 Nf6 2. d4 e6 3. Bf4 d5 4. e3 c5 5. Nbd2 Bd6 6. c3 cxd4 7. cxd4 Bxf4 8.
exf4 Nc6 9. Bd3 O-O 10. O-O Qb6 11. Nb3 a5 12. a4 Bd7 13. Ne5 h6 14. Re1 Rac8
15. f5 exf5 16. Nxd7 Nxd7 17. Bxf5 Rcd8 18. Bxd7 Rxd7 19. Nc5 Rc7 20. Rb1 Nxd4
21. Qxd4 Qxc5 22. Qxc5 Rxc5 23. Re7 b5 24. b3 Rfc8 25. g3 bxa4 26. bxa4 Rc1+ 27.
Rxc1 Rxc1+ 28. Kg2 Rc4 29. Rd7 d4 30. Rd5 Rxa4 31. Kf3 f6 32. h4 Kf7 33. Ke4 Ke6
34. Rb5 Ra2 35. Rb6+ Kf7 36. f4 Rg2 37. f5 Rxg3 38. Rb7+ Kg8 39. Kxd4 Rg4+ 40.
Kd5 Rxh4 41. Ke6 Re4+ 42. Kd5 Re5+ 0-1

[Event "Titled Tue 26th Aug Early"]
[Site "chess.com INT"]
[Date "2025.08.26"]
[Round "5"]
[White "Feuerstack, Aljoscha"]
[Black "Myagmarsuren, Evsuld"]
[Result "1-0"]
[WhiteTitle "IM"]
[BlackTitle "FM"]
[WhiteElo "2449"]
[BlackElo "2247"]
[WhiteFideId "4681932"]
[BlackFideId "1551639"]
[EventDate "2025.08.26"]

1. e4 c5 2. Nf3 d6 3. g3 g6 4. Bg2 Bg7 5. O-O Nc6 6. Re1 Rb8 7. c3 b5 8. d4 cxd4
9. cxd4 Bg4 10. Be3 Nf6 11. h3 Bxf3 12. Bxf3 O-O 13. e5 Nxe5 14. dxe5 dxe5 15.
Bxa7 Rc8 16. Nc3 b4 17. Ne4 Nxe4 18. Bxe4 f5 19. Qb3+ Kh8 20. Bb7 e4 21. Bxc8
Qxc8 22. Qxb4 f4 23. g4 e3 24. fxe3 f3 25. e4 h5 26. e5 Bh6 27. Bf2 Rf4 28. Re4
Rf7 29. e6 Rf6 30. Qxe7 Bg5 31. Qd7 Qc2 32. e7 Bh4 33. e8=Q+ Rf8 34. Qxf8# 1-0

[Event "Titled Tue 26th Aug Early"]
[Site "chess.com INT"]
[Date "2025.08.26"]
[Round "5"]
[White "Troltenier, Dirk"]
[Black "Germanovs, Georgijs"]
[Result "0-1"]
[WhiteTitle "FM"]
[BlackTitle "CM"]
[WhiteElo "2162"]
[BlackElo "2260"]
[WhiteFideId "4606400"]
[BlackFideId "11609710"]
[EventDate "2025.08.26"]

1. e4 e6 2. d4 d5 3. Nd2 c5 4. Ngf3 cxd4 5. Nxd4 Nc6 6. Bb5 Bd7 7. Nxc6 bxc6 8.
Bd3 Bd6 9. O-O Ne7 10. Nf3 Ng6 11. Qe2 Qc7 12. Re1 O-O 13. e5 Be7 14. h4 f6 15.
h5 Nxe5 16. Nxe5 fxe5 17. Qxe5 Qxe5 18. Rxe5 Bf6 19. Re2 e5 20. c3 Bg4 21. f3
Bxh5 22. Be3 e4 23. Ba6 exf3 24. gxf3 Bxf3 25. Rd2 Rae8 26. Bf2 Re4 27. Bb7 Rg4+
28. Kf1 Bg5 29. Rd4 Be4 30. Re1 Rg2 31. Re2 Bh4 32. Rdxe4 Rgxf2+ 33. Rxf2 Rxf2+
34. Kg1 dxe4 0-1

[Event "Titled Tue 26th Aug Early"]
[Site "chess.com INT"]
[Date "2025.08.26"]
[Round "5"]
[White "Buscar, Michael"]
[Black "Lortkipanidze, Nodar"]
[Result "0-1"]
[BlackTitle "IM"]
[WhiteElo "2015"]
[BlackElo "2359"]
[WhiteFideId "2603616"]
[BlackFideId "13604058"]
[EventDate "2025.08.26"]

1. d4 e6 2. c4 b6 3. Nc3 Bb7 4. e4 Bb4 5. Bd3 f5 6. Qc2 Qh4 7. d5 fxe4 8. Be2
exd5 9. cxd5 Nf6 10. Bd2 O-O 11. Nh3 h6 12. Nf4 Bxc3 13. bxc3 Nxd5 14. g3 Qf6
15. Bc4 Kh8 16. O-O Nxf4 17. Bxf4 d5 18. Be2 Nd7 19. Rad1 Ne5 20. Rfe1 Rad8 21.
a4 c5 22. a5 d4 23. cxd4 cxd4 24. Bxe5 Qxf2+ 25. Kh1 e3+ 0-1

[Event "Titled Tue 26th Aug Early"]
[Site "chess.com INT"]
[Date "2025.08.26"]
[Round "5"]
[White "Sharshenbekov, Emir"]
[Black "Vasquez Schroeder, Rodrigo"]
[Result "1-0"]
[WhiteTitle "CM"]
[BlackTitle "GM"]
[WhiteElo "2175"]
[BlackElo "2446"]
[WhiteFideId "13810634"]
[BlackFideId "3400042"]
[EventDate "2025.08.26"]

1. e4 c5 2. Nf3 d6 3. Bb5+ Nc6 4. O-O Bd7 5. Re1 Nf6 6. Bf1 Bg4 7. h3 Bh5 8. c3
e6 9. d3 d5 10. e5 Nd7 11. Bf4 Be7 12. Nbd2 O-O 13. a3 b5 14. b4 c4 15. a4 a6
16. d4 bxa4 17. Qxa4 Qc7 18. g4 Nb6 19. Qd1 Bg6 20. h4 h6 21. h5 Bh7 22. g5 Kh8
23. gxh6 gxh6 24. Bh3 Rg8+ 25. Kh2 Bf8 26. Qe2 Bd3 27. Qe3 Kh7 28. Rg1 Rxg1 29.
Rxg1 Qe7 30. Ne1 Bf5 31. Bxf5+ exf5 32. Qg3 1-0

[Event "Titled Tue 26th Aug Early"]
[Site "chess.com INT"]
[Date "2025.08.26"]
[Round "5"]
[White "Shearsby, Jude"]
[Black "Almedina Ortiz, Edgardo J."]
[Result "1-0"]
[WhiteTitle "CM"]
[BlackTitle "FM"]
[WhiteElo "2270"]
[BlackElo "2210"]
[WhiteFideId "462527"]
[BlackFideId "3100197"]
[EventDate "2025.08.26"]

1. c3 Nf6 2. d4 g6 3. Bg5 Bg7 4. e3 O-O 5. h4 h6 6. Bf4 d6 7. Bd3 Nfd7 8. Nf3
Qe8 9. Nbd2 e5 10. Bg3 Nc6 11. h5 exd4 12. cxd4 Nxd4 13. hxg6 Nxf3+ 14. Nxf3
fxg6 15. Qc2 Rf6 16. O-O-O Nc5 17. Bc4+ Be6 18. Bf4 Bxc4 19. Qxc4+ Qf7 20. Qxf7+
Rxf7 21. Bxh6 Ne4 22. Bxg7 Kxg7 23. Rdf1 Rh8 24. Rxh8 Kxh8 25. Kc2 c5 26. Kd3 d5
27. Ke2 Kg7 28. Rd1 Rf5 29. g4 Rf7 30. Rxd5 b6 31. Rd8 Nf6 32. Ne5 Re7 33. f4 g5
34. Kf3 gxf4 35. exf4 Ne8 36. g5 Nc7 37. Kg4 Ne6 38. Rd6 Nd4 39. Rg6+ Kf8 40.
Rh6 Kg7 41. Rg6+ Kf8 42. Rf6+ Kg7 43. Kh5 1-0

[Event "Titled Tue 26th Aug Early"]
[Site "chess.com INT"]
[Date "2025.08.26"]
[Round "5"]
[White "Bologan, Victor"]
[Black "Shevchenko, Yaroslav"]
[Result "1-0"]
[WhiteTitle "GM"]
[WhiteElo "2601"]
[BlackElo "2134"]
[WhiteFideId "13900048"]
[BlackFideId "34144684"]
[EventDate "2025.08.26"]

1. e4 c5 2. Nf3 e6 3. d3 Nc6 4. g3 Nf6 5. Bg2 d5 6. Qe2 Be7 7. O-O O-O 8. e5 Nd7
9. c4 Rb8 10. Nc3 Nb6 11. Bf4 Re8 12. h4 Bf8 13. Rad1 Bd7 14. h5 Rc8 15. a3 f6
16. Rfe1 f5 17. cxd5 Nxd5 18. Nxd5 exd5 19. Ng5 Be6 20. Nxe6 Rxe6 21. Qf3 Qe8
22. Qxd5 Kh8 23. h6 g6 24. Bg5 Nd4 25. Qxb7 Rb8 26. Qxa7 Rxb2 27. Rb1 Qb5 28.
Rxb2 Qxb2 29. Qf7 1-0

[Event "Titled Tue 26th Aug Early"]
[Site "chess.com INT"]
[Date "2025.08.26"]
[Round "5"]
[White "Akshaya Sathi"]
[Black "Rossi, Maximiliano"]
[Result "0-1"]
[WhiteTitle "WCM"]
[WhiteElo "2008"]
[BlackElo "2013"]
[WhiteFideId "25130340"]
[BlackFideId "113425"]
[EventDate "2025.08.26"]

1. c4 g6 2. Nc3 Bg7 3. d4 d6 4. e4 Nf6 5. Nf3 O-O 6. Be2 Bg4 7. O-O Bxf3 8. Bxf3
e5 9. d5 a5 10. Be3 Na6 11. Qd2 Nd7 12. a3 Nac5 13. Qc2 a4 14. Bg4 Nb3 15. Rad1
Ndc5 16. g3 h5 17. Be2 h4 18. Na2 Kh7 19. Nc1 Rh8 20. Nxb3 Nxb3 21. Kg2 Kg8 22.
Qd3 Bh6 23. Rde1 Bxe3 24. Qxe3 Nd4 25. f4 Nc2 26. Qf2 Nxe1+ 27. Rxe1 hxg3 28.
hxg3 exf4 29. Qxf4 Qe7 30. Bg4 Re8 31. Re2 Qe5 32. Qxe5 Rxe5 33. Bc8 b6 34. Bd7
f5 0-1

[Event "Titled Tue 26th Aug Early"]
[Site "chess.com INT"]
[Date "2025.08.26"]
[Round "5"]
[White "Aguilera Rodriguez, Alfredo R."]
[Black "Subervi, Jonathan Sigfredo"]
[Result "1-0"]
[WhiteTitle "FM"]
[BlackTitle "FM"]
[WhiteElo "2348"]
[BlackElo "2007"]
[WhiteFideId "3512991"]
[BlackFideId "6400345"]
[EventDate "2025.08.26"]

1. e4 e6 2. d4 d5 3. Nc3 Bb4 4. e5 c5 5. a3 Ba5 6. b4 cxd4 7. Nb5 Bc7 8. f4 Nc6
9. Nf3 f6 10. exf6 Nxf6 11. Nxc7+ Qxc7 12. Nxd4 O-O 13. Nxc6 bxc6 14. Qd4 e5 15.
fxe5 Ng4 16. Bb2 a5 17. Be2 Nf2 18. O-O Ne4 19. Rxf8+ Kxf8 20. Rf1+ Kg8 21. Bd3
Ng5 22. Qh4 h6 23. Qh5 Ne6 24. Qe8+ 1-0

[Event "Titled Tue 26th Aug Early"]
[Site "chess.com INT"]
[Date "2025.08.26"]
[Round "5"]
[White "Terry, Renato"]
[Black "Kravtsiv, Martyn"]
[Result "0-1"]
[WhiteTitle "IM"]
[BlackTitle "GM"]
[WhiteElo "2508"]
[BlackElo "2598"]
[WhiteFideId "3803457"]
[BlackFideId "14113147"]
[EventDate "2025.08.26"]

1. d4 d5 2. Nf3 Nf6 3. c4 e6 4. Nc3 Be7 5. Bf4 O-O 6. e3 Nbd7 7. Rc1 c5 8. cxd5
Nxd5 9. Nxd5 exd5 10. dxc5 Nxc5 11. a3 Bd7 12. Qxd5 Rc8 13. Rd1 Ba4 14. Qxd8
Bxd8 15. Rd4 Bb3 16. Bd6 Ba5+ 17. Nd2 Ne6 18. Bxf8 Nxd4 19. exd4 Kxf8 20. Bc4
Rxc4 0-1

[Event "Titled Tue 26th Aug Early"]
[Site "chess.com INT"]
[Date "2025.08.26"]
[Round "5"]
[White "Fedorov, Artem Alek"]
[Black "Liu, Casper"]
[Result "1-0"]
[WhiteTitle "CM"]
[BlackTitle "FM"]
[WhiteElo "2093"]
[BlackElo "2361"]
[WhiteFideId "34418431"]
[BlackFideId "1454153"]
[EventDate "2025.08.26"]

1. e4 e5 2. Nf3 Nf6 3. Nxe5 d5 4. exd5 Qxd5 5. Qe2 Bd6 6. Ng6+ Be6 7. Nxh8 Nc6
8. Nc3 Qf5 9. Qb5 Bc5 10. Qxb7 Qxf2+ 11. Kd1 Nd4 12. Qxa8+ Kd7 13. h3 Bf5 14.
Bd3 c6 15. Bxf5+ Qxf5 16. Qb7+ Ke6 17. Re1+ 1-0

[Event "Titled Tue 26th Aug Early"]
[Site "chess.com INT"]
[Date "2025.08.26"]
[Round "5"]
[White "Mamedov, Edgar"]
[Black "Al-Tarboush, Ward"]
[Result "1-0"]
[WhiteTitle "GM"]
[BlackTitle "FM"]
[WhiteElo "2490"]
[BlackElo "2224"]
[WhiteFideId "13739980"]
[BlackFideId "7601450"]
[EventDate "2025.08.26"]

1. d4 Nf6 2. c4 b6 3. Nc3 Bb7 4. Qc2 d5 5. cxd5 Nxd5 6. e4 Nxc3 7. bxc3 e5 8.
Nf3 exd4 9. Bc4 Be7 10. O-O O-O 11. cxd4 Nc6 12. Bb2 Bf6 13. Rad1 Nb4 14. Qb1
Qe8 15. Rfe1 Rd8 16. a3 Nc6 17. e5 Be7 18. d5 Na5 19. Ba2 Qb5 20. Nd4 Qc5 21.
Nf5 Bg5 22. e6 fxe6 23. dxe6 Be7 24. Nxe7+ Qxe7 25. Rd7 Qh4 26. Rxg7+ Kh8 27.
Rxh7+ 1-0

[Event "Titled Tue 26th Aug Early"]
[Site "chess.com INT"]
[Date "2025.08.26"]
[Round "5"]
[White "Wen, Gehua"]
[Black "Imomkuzieva, Nilufarkhon"]
[Result "1-0"]
[WhiteTitle "CM"]
[BlackTitle "WFM"]
[WhiteElo "2196"]
[BlackElo "2105"]
[WhiteFideId "8603430"]
[BlackFideId "14216736"]
[EventDate "2025.08.26"]

1. d4 Nf6 2. Nf3 g6 3. Bf4 Bg7 4. c3 d5 5. Nbd2 O-O 6. e3 c5 7. dxc5 Nbd7 8. Nb3
Re8 9. Bb5 h6 10. c6 bxc6 11. Bxc6 Ba6 12. Bxa8 Qxa8 13. Ne5 Nxe5 14. Bxe5 Qc6
15. Qd4 Qb5 16. O-O-O Rd8 17. Qc5 Qb7 18. Qc7 Qxc7 19. Bxc7 Rc8 20. Be5 e6 21.
Bxf6 Bxf6 22. Nd4 Bb7 23. Kd2 e5 24. Nf3 d4 25. exd4 exd4 26. cxd4 Bxf3 27. gxf3
Bxd4 28. b3 Bxf2 29. Rc1 Rd8+ 30. Ke2 Bb6 31. Rhd1 Re8+ 32. Kf1 Re3 33. Kg2 Re2+
34. Kg3 Rxa2 35. Rd7 Kg7 36. Rc3 Bf2+ 37. Kh3 Bg1 38. Rcc7 Bxh2 39. Rxf7+ Kg8
40. Rxa7 Rf2 41. Rfd7 Bc7 42. Raxc7 Rxf3+ 43. Kg4 Rxb3 44. Rd8# 1-0

[Event "Titled Tue 26th Aug Early"]
[Site "chess.com INT"]
[Date "2025.08.26"]
[Round "5"]
[White "Galstyan, David"]
[Black "Karthik, Sai Ch"]
[Result "1-0"]
[WhiteTitle "FM"]
[BlackTitle "CM"]
[WhiteElo "2284"]
[BlackElo "2159"]
[WhiteFideId "54516196"]
[BlackFideId "46649484"]
[EventDate "2025.08.26"]

1. d4 Nf6 2. c4 c5 3. d5 b5 4. Nd2 d6 5. e4 b4 6. b3 g6 7. Bb2 Bg7 8. f4 O-O 9.
Ngf3 a5 10. a4 bxa3 11. Rxa3 Na6 12. e5 Ng4 13. Bd3 Nb4 14. Bb1 Ne3 15. Qe2
Nec2+ 16. Kf2 Nxa3 17. Bxa3 a4 18. Bb2 a3 19. Ba1 e6 20. Ne4 dxe5 21. fxe5 exd5
22. Nf6+ Kh8 23. h4 d4 24. h5 Bxf6 25. exf6 Qxf6 26. Qd2 Rg8 27. Qh6 a2 28. hxg6
fxg6 29. Qxh7# 1-0

[Event "Titled Tue 26th Aug Early"]
[Site "chess.com INT"]
[Date "2025.08.26"]
[Round "5"]
[White "Krysa, Leandro"]
[Black "Brilej, Jaka"]
[Result "1-0"]
[WhiteTitle "GM"]
[BlackTitle "FM"]
[WhiteElo "2468"]
[BlackElo "2334"]
[WhiteFideId "116807"]
[BlackFideId "14618818"]
[EventDate "2025.08.26"]

1. e4 c5 2. h3 Nc6 3. Bb5 Nd4 4. a4 Nf6 5. d3 e6 6. c3 Nxb5 7. axb5 d5 8. Qe2
Be7 9. f4 b6 10. e5 Nd7 11. Nf3 h5 12. O-O g6 13. Na3 Bb7 14. Nc2 a5 15. d4 c4
16. Ng5 Qc7 17. Bd2 Nf8 18. Ne1 Nh7 19. Qd1 Nxg5 20. fxg5 Rh7 21. Qa4 O-O-O 22.
h4 Kd7 23. Nc2 Rc8 24. Rf2 Ke8 25. Raf1 Qd8 26. Bf4 Rc7 27. Bg3 Bc8 28. Rf6 Bd7
29. Na3 Rg7 30. Qc2 Rb7 31. Rxf7 Rg8 32. Rh7 Bxa3 33. Rh8 Rxh8 34. Qxg6+ 1-0

[Event "Titled Tue 26th Aug Early"]
[Site "chess.com INT"]
[Date "2025.08.26"]
[Round "5"]
[White "Zakarian, David"]
[Black "Ozcan, Kaan"]
[Result "1-0"]
[WhiteTitle "FM"]
[BlackTitle "FM"]
[WhiteElo "2301"]
[BlackElo "2223"]
[WhiteFideId "13301276"]
[BlackFideId "34566422"]
[EventDate "2025.08.26"]

1. e4 c5 2. Nf3 Nf6 3. d3 Nc6 4. g3 d5 5. e5 Nd7 6. Qe2 e6 7. Bg2 Qc7 8. Bf4 Be7
9. h4 b6 10. O-O Bb7 11. c4 dxc4 12. dxc4 O-O 13. Nc3 a6 14. Rad1 Rfd8 15. Nd5
Qc8 16. Nxe7+ Nxe7 17. Bg5 Re8 18. Bxe7 Rxe7 19. Rd6 Qc7 20. Rfd1 Nf8 21. Ng5
Bxg2 22. Kxg2 h6 23. Qf3 Rb8 24. Nh3 Ng6 25. Qe4 Qb7 26. Qxb7 Rexb7 27. f4 Ne7
28. g4 h5 29. Ng5 hxg4 30. Rd8+ 1-0

[Event "Titled Tue 26th Aug Early"]
[Site "chess.com INT"]
[Date "2025.08.26"]
[Round "5"]
[White "Murthy, Pappu"]
[Black "Arias Igual, Alejandro"]
[Result "1-0"]
[BlackTitle "FM"]
[WhiteElo "1836"]
[BlackElo "2242"]
[WhiteFideId "2013401"]
[BlackFideId "2254905"]
[EventDate "2025.08.26"]

1. e4 c5 2. d4 cxd4 3. c3 g6 4. cxd4 d5 5. e5 Nc6 6. Bb5 Bd7 7. Nc3 a6 8. Bxc6
Bxc6 9. Nf3 Bg7 10. O-O Nh6 11. h3 O-O 12. g4 f6 13. Be3 Nf7 14. exf6 exf6 15.
Qd2 Re8 16. Rae1 Qd7 17. Kg2 Kh8 18. Rh1 Nd6 19. Bh6 Ne4 20. Qf4 Qd6 21. Bxg7+
Kxg7 22. Rxe4 Qxf4 23. Rxf4 b5 24. a3 a5 25. g5 fxg5 26. Nxg5 b4 27. axb4 axb4
28. Nd1 Ra2 29. Rf7+ Kg8 30. Rc7 Ba4 31. Ne3 Rxb2 32. Nxd5 1-0

[Event "Titled Tue 26th Aug Early"]
[Site "chess.com INT"]
[Date "2025.08.26"]
[Round "5"]
[White "Alazmi, Amani"]
[Black "Tran Le Vy"]
[Result "1-0"]
[WhiteTitle "WCM"]
[BlackTitle "WFM"]
[WhiteElo "1745"]
[BlackElo "1973"]
[WhiteFideId "10303553"]
[BlackFideId "12423599"]
[EventDate "2025.08.26"]

1. c4 b6 2. Nc3 Bb7 3. e4 e6 4. d3 Bb4 5. Ne2 d5 6. exd5 exd5 7. cxd5 Bxd5 8. a3
Bxc3+ 9. Nxc3 Bb7 10. Qg4 Qe7+ 11. Be3 Nf6 12. Qxg7 Rg8 13. Qh6 Bxg2 14. Rg1 Rg6
15. Qh4 Bxf1 16. Rxg6 hxg6 17. Kxf1 Nbd7 18. Bg5 Qd6 19. Qh8+ Nf8 20. Qxf6 Qxd3+
21. Kg1 Ne6 22. Qe7# 1-0

[Event "Titled Tue 26th Aug Early"]
[Site "chess.com INT"]
[Date "2025.08.26"]
[Round "5"]
[White "Smieszek, Wojciech"]
[Black "Punin, Andrii"]
[Result "0-1"]
[WhiteTitle "CM"]
[BlackTitle "FM"]
[WhiteElo "2141"]
[BlackElo "2289"]
[WhiteFideId "1156047"]
[BlackFideId "14112639"]
[EventDate "2025.08.26"]

1. e4 d5 2. exd5 Qxd5 3. Nf3 Bg4 4. Be2 Nc6 5. d4 O-O-O 6. Be3 e5 7. c4 Bb4+ 8.
Nc3 Qa5 9. d5 Bxf3 10. Bxf3 Nf6 11. O-O Bc5 12. Bd2 Nd4 13. Bg4+ Kb8 14. Nb5 Bb4
15. Bxb4 Qxb4 16. Nxd4 exd4 17. Qxd4 Nxg4 18. Qxg4 Qxb2 19. Rab1 Qf6 20. Rb3 Rd6
21. Rfb1 Rb6 22. c5 Rxb3 23. axb3 Rd8 24. Qb4 Rxd5 25. c6 b6 26. Rc1 Qd6 27. Qe1
Re5 28. Qf1 Rc5 29. Ra1 Qxc6 30. h3 a5 31. b4 axb4 32. Qa6 Rc1+ 33. Rxc1 Qxc1+
34. Kh2 b3 0-1

[Event "Titled Tue 26th Aug Early"]
[Site "chess.com INT"]
[Date "2025.08.26"]
[Round "5"]
[White "Kiseleva, Arina"]
[Black "Sava, Robert-Gabriel"]
[Result "0-1"]
[WhiteTitle "WCM"]
[BlackTitle "CM"]
[WhiteElo "2006"]
[BlackElo "2121"]
[WhiteFideId "4164989"]
[BlackFideId "1265725"]
[EventDate "2025.08.26"]

1. d4 e6 2. Nf3 b6 3. e3 Bb7 4. Bd3 f5 5. Nbd2 Nf6 6. c4 Be7 7. Qc2 O-O 8. d5
Na6 9. O-O Nb4 10. Qc3 Nxd3 11. Qxd3 exd5 12. Qxf5 Ne4 13. Qh3 dxc4 14. Nxc4 Ba6
15. b3 Bf6 16. Ba3 c5 17. Rad1 Qe7 18. Rxd7 Qe8 19. Rfd1 Bc8 20. Qf5 Bxd7 21.
Rxd7 Rd8 22. Qd5+ Kh8 23. Nce5 Bxe5 24. Nxe5 Rxd7 25. Nxd7 Nf6 26. Nxf6 Rxf6 27.
Bb2 Rf7 28. Qg5 Qe7 29. Qg3 Rf8 30. f4 Kg8 31. Be5 Rd8 32. h4 Rd7 33. h5 h6 34.
Qg4 Qf7 35. Kh2 Kh7 0-1